[Event "ICS rated blitz match"]
[Site "204.178.125.65"]
[Date "2000.03.17"]
[Round "?"]
[White "undertaker1"]
[Black "Hossa"]
[Result "1/2-1/2"]
[WhiteElo "2641"]
[BlackElo "2459"]
[PlyCount "205"]

1. e4 e5 2. Nf3 Nc6 3. Bb5 a6 4. Ba4 Nf6 5. O-O Be7 6. Re1 b5 7. Bb3 O-O 8. c3
d5 9. exd5 Nxd5 10. Nxe5 Nxe5 11. Rxe5 c6 12. d4 Bd6 13. Re1 Qh4 14. g3 Qh3 15.
Be3 Bg4 16. Qd3 Rae8 17. Nd2 Re6 18. a4 f5 19. Qf1 Qh5 20. f4 bxa4 21. Rxa4
Rfe8 22. Qf2 g5 23. fxg5 f4 24. gxf4 Bh3 25. Kh1 Bxf4 26. Bxd5 cxd5 27. Qxf4
Rxe3 28. Rg1 Re2 29. g6 hxg6 30. Rxa6 Bg2+ 31. Rxg2 Rxg2 32. Kxg2 Qe2+ 33. Kg3
Qxa6 34. Nf3 Re2 35. Ne5 Qe6 36. b4 Rc2 37. Qf3 Kg7 38. b5 Qf6 39. b6 Qxf3+ 40.
Kxf3 Rb2 41. Ng4 Rxb6 42. Kf4 Rc6 43. Ke5 Rxc3 44. Kxd5 Rh3 45. Ke4 Kf7 46.
Ne5+ Kf6 47. Nf3 g5 48. d5 Rh7 49. d6 Ra7 50. Kd5 g4 51. Nd2 Ra5+ 52. Kc6 Rh5
53. Ne4+ Kf7 54. Kc7 Rd5 55. Kc6 Rd4 56. Ng5+ Ke8 57. Kc5 Rf4 58. Kc6 Rf2 59.
Ne4 Rf1 60. Kd5 Kd8 61. Ke6 Rg1 62. Nc5 Re1+ 63. Kf5 Re2 64. Kf4 Rc2 65. Ne4
Rg2 66. Nf6 Rf2+ 67. Ke5 Re2+ 68. Kf5 Re1 69. Kf4 Rh1 70. Kxg4 Rxh2 71. Kf5 Rh1
72. Ke6 Re1+ 73. Kd5 Ra1 74. Kd4 Rd1+ 75. Ke5 Rg1 76. Kd5 Rg3 77. Ke4 Rh3 78.
Kd4 Rh4+ 79. Ke5 Rb4 80. Ke6 Rb7 81. Nd5 Rb1 82. Nf6 Rc1 83. Nd7 Kc8 84. Nb6+
Kb8 85. Ke5 Re1+ 86. Kd4 Kb7 87. Kc5 Rc1+ 88. Nc4 Kc8 89. Kd5 Rd1+ 90. Ke6 Kb8
91. Ne5 Kc8 92. Nc6 Kb7 93. Nd8+ Kb6 94. Nf7 Rf1 95. Ne5 Kc5 96. Nd3+ Kc6 97.
Nb4+ Kb7 98. d7 Re1+ 99. Kd6 Rd1+ 100. Nd5 Rxd5+ 101. Kxd5 Kc7 102. Ke6 Kd8
103. Kd6 1/2-1/2

[Event "ICS rated blitz match"]
[Site "204.178.125.65"]
[Date "2000.03.17"]
[Round "?"]
[White "Hossa"]
[Black "undertaker1"]
[Result "0-1"]
[WhiteElo "2467"]
[BlackElo "2633"]
[PlyCount "212"]

1. e4 e5 2. Nf3 Nc6 3. Bc4 Bc5 4. c3 Nf6 5. d4 exd4 6. cxd4 Bb4+ 7. Nc3 Nxe4 8.
O-O Bxc3 9. d5 Bf6 10. Re1 Ne7 11. Rxe4 d6 12. Bg5 Bxg5 13. Nxg5 O-O 14. Nxh7
Kxh7 15. Qh5+ Kg8 16. Rh4 f5 17. Qh7+ Kf7 18. Rh6 Rg8 19. Re1 Bd7 20. Ree6 Bxe6
21. dxe6+ Ke8 22. Rg6 d5 23. Rxg7 Qd6 24. Bb5+ c6 25. Rxg8+ Nxg8 26. Qf7+ Kd8
27. Qxg8+ Kc7 28. Qxa8 cxb5 29. Qe8 Qb4 30. g3 Qe1+ 31. Kg2 Qe4+ 32. f3 Qb4 33.
Kh3 Qd6 34. Qf7+ Kb6 35. Qxf5 d4 36. Qf7 d3 37. e7 d2 38. e8=Q d1=Q 39. Qe3+
Ka6 40. Qe4 Qc6 41. Qfe6 Qxe6+ 42. Qxe6+ b6 43. Qc8+ Ka5 44. Qf8 b4 45. Qf5+
Ka6 46. b3 Qd2 47. Qf4 Qxa2 48. Qxb4 Qa1 49. Qc4+ Kb7 50. Qe4+ Kc7 51. Qe7+ Kc8
52. Qe8+ Kc7 53. f4 Kd6 54. Qd8+ Kc6 55. Kh4 Qb2 56. Qc8+ Kd6 57. Qf8+ Kc6 58.
h3 Qxb3 59. Qa8+ Kc5 60. Qxa7 Qe3 61. Qg7 Kd5 62. Qd7+ Kc5 63. Kg4 Qe2+ 64. Kg5
Qe3 65. Kh4 Kc4 66. Qa4+ Kc5 67. Qa7 Qf2 68. Qe7+ Kc4 69. Qe6+ Kc5 70. Qf5+ Kc6
71. Qf6+ Kd7 72. Qf7+ Kd6 73. Qf8+ Kd5 74. Qa3 Kc4 75. Qa4+ Kc5 76. Qe8 b5 77.
Qd7 Qd4 78. Qc7+ Kd5 79. Kg4 b4 80. Qd7+ Kc4 81. Qc6+ Qc5 82. Qe4+ Kc3 83. Qe1+
Kc2 84. Qe2+ Kc3 85. Qe5+ Kc4 86. Qxc5+ Kxc5 87. f5 b3 88. f6 Kd6 89. Kg5 b2
90. g4 Ke6 91. h4 b1=Q 92. h5 Qf1 93. h6 Qxf6+ 94. Kh5 Qe5+ 95. Kh4 Qh2+ 96.
Kg5 Qd2+ 97. Kh4 Qxh6+ 98. Kg3 Qe3+ 99. Kg2 Kf6 100. Kh1 Qh3+ 101. Kg1 Qf3 102.
Kh2 Kg5 103. Kg1 Kf4 104. Kh2 Qg3+ 105. Kh1 Kf3 106. g5 Qg2# 0-1

[Event "ICS rated blitz match"]
[Site "204.178.125.65"]
[Date "2000.03.17"]
[Round "?"]
[White "undertaker1"]
[Black "Hossa"]
[Result "1-0"]
[WhiteElo "2642"]
[BlackElo "2458"]
[PlyCount "91"]

1. e4 c5 2. Nf3 d6 3. d4 cxd4 4. Nxd4 Nf6 5. Nc3 a6 6. Bg5 e6 7. f4 Be7 8. Qf3
Qc7 9. O-O-O Nbd7 10. g4 b5 11. Bxf6 Nxf6 12. g5 Nd7 13. f5 Nc5 14. f6 gxf6 15.
gxf6 Bf8 16. Rg1 h5 17. a3 Bd7 18. Kb1 Rb8 19. b4 Nb7 20. Rg5 h4 21. Bh3 Rc8
22. Rd3 Nd8 23. Rh5 Rg8 24. Qf2 Nc6 25. Nxc6 Bxc6 26. Rxh4 Rg6 27. Rh7 Rh6 28.
Rxh6 Bxh6 29. Bf1 Bb7 30. Bg2 Bc6 31. Qh4 Bf8 32. Qh8 Qa7 33. Rg3 Qg1+ 34. Kb2
Kd7 35. Bh3 Qa7 36. Bxe6+ Kxe6 37. Qh3+ Kxf6 38. Qxc8 Bxe4 39. Nxe4+ Ke5 40.
Rg5+ Kxe4 41. Qf5+ Ke3 42. Qd3+ Kf2 43. Rf5+ Kg2 44. Qg3+ Kh1 45. Rf1+ Qg1 46.
Qxg1# 1-0

[Event "ICS rated standard match"]
[Site "204.178.125.65"]
[Date "2000.03.18"]
[Round "?"]
[White "star"]
[Black "Hossa"]
[Result "1-0"]
[WhiteElo "2510"]
[BlackElo "2375"]
[PlyCount "81"]

1. Nf3 Nf6 2. d4 e6 3. c4 Bb4+ 4. Bd2 Nc6 5. Bxb4 Nxb4 6. Nc3 O-O 7. e3 d5 8.
a3 Nc6 9. Bd3 dxc4 10. Bxc4 b6 11. O-O Bb7 12. Qc2 Ne7 13. e4 c5 14. dxc5 bxc5
15. Rfe1 Qc7 16. e5 Nd7 17. Nb5 Qd8 18. Ng5 Ng6 19. f4 Qe7 20. h4 Nb6 21. h5 h6
22. hxg6 hxg5 23. Ba2 Bd5 24. Bxd5 exd5 25. gxf7+ Qxf7 26. f5 c4 27. Rad1 g4
28. Nd6 Qh5 29. Qe2 Rxf5 30. Nxf5 Qxf5 31. e6 Re8 32. Qe5 Qh7 33. Qg5 g3 34.
Qxg3 Qc2 35. Rd4 Qxb2 36. Qf4 Rf8 37. e7 Re8 38. Qg4 Rxe7 39. Rxe7 Qc1+ 40. Kf2
Qh6 41. Rf4 1-0

[Event "ICS unrated bullet match"]
[Site "204.178.125.65"]
[Date "2000.03.18"]
[Round "?"]
[White "Hossa"]
[Black "Zippy"]
[Result "1-0"]
[WhiteElo "2393"]
[BlackElo "1658"]
[PlyCount "49"]

1. e4 e5 2. Nf3 f5 3. Nxe5 Qf6 4. Nc4 fxe4 5. Nc3 Qd4 6. Nb5 Qc5 7. b4 Kf7 8.
bxc5 Na6 9. Qh5+ Ke7 10. Qe5+ Kd8 11. d4 Nf6 12. Bf4 Be7 13. Nxc7 Nxc7 14.
Qxc7+ Ke8 15. Bg5 h6 16. Bxf6 gxf6 17. Qf4 Kd8 18. Nd6 Rf8 19. Qxh6 f5 20. Qf4
Bxd6 21. cxd6 Rf7 22. Qg3 Ke8 23. Qe5+ Kd8 24. Qh8+ Rf8 25. Qxf8# 1-0

[Event "ICS rated blitz match"]
[Site "204.178.125.65"]
[Date "2000.03.18"]
[Round "?"]
[White "Hossa"]
[Black "StrongBach"]
[Result "1-0"]
[WhiteElo "2450"]
[BlackElo "1743"]
[PlyCount "79"]

1. e4 e5 2. Nf3 Bd6 3. Nc3 Nf6 4. Bb5 a6 5. Ba4 b5 6. Bb3 Bb7 7. d3 O-O 8. Bg5
Kh8 9. a4 bxa4 10. Bxa4 h6 11. Bh4 h5 12. O-O c5 13. Nd2 g6 14. Nc4 Bc7 15. f4
exf4 16. e5 Bxe5 17. Nxe5 Qb6 18. Nc4 Qe6 19. Re1 Ne4 20. Nxe4 Bxe4 21. Rxe4
Qd5 22. Nb6 Qb7 23. Bf6+ Kg8 24. Nxa8 Qxa8 25. Rxf4 Qb7 26. Qe1 Qc7 27. Rf2 d5
28. Bb3 Qc6 29. Be7 Rc8 30. Rf6 Qb7 31. Bd6 c4 32. dxc4 dxc4 33. Bxc4 Rxc4 34.
Qe8+ Kg7 35. Bf8+ Kxf6 36. Rf1+ Qf3 37. Rxf3+ Kg5 38. Qd8+ f6 39. Qxf6+ Kg4 40.
h3# 1-0

[Event "ICS Rated blitz match"]
[Site "204.178.125.65"]
[Date "2000.03.18"]
[Round "?"]
[White "Hossa"]
[Black "Jfreile"]
[Result "1-0"]
[WhiteElo "2451"]
[BlackElo "2192"]
[PlyCount "21"]

1. d4 c6 2. c4 d6 3. Nf3 Nf6 4. Nc3 Nbd7 5. e3 e5 6. Bd3 Be7 7. O-O O-O 8. Bd2
Re8 9. Qc2 Bf8 10. Ng5 h6 11. Bh7+ 1-0

[Event "ICS rated blitz match"]
[Site "204.178.125.65"]
[Date "2000.03.18"]
[Round "?"]
[White "tol4511"]
[Black "Hossa"]
[Result "1-0"]
[WhiteElo "2264"]
[BlackElo "2457"]
[PlyCount "113"]

1. e4 e5 2. Bc4 Nf6 3. d3 c6 4. Nf3 d5 5. Bb3 Bd6 6. exd5 cxd5 7. Nc3 d4 8. Nb5
O-O 9. O-O Bg4 10. h3 Bxf3 11. Qxf3 Nc6 12. Nxd6 Qxd6 13. Bg5 Nd7 14. Bh4 Nc5
15. Bc4 Qh6 16. Bg3 Qg5 17. a3 Rac8 18. Qd5 Qe7 19. Rfe1 Rfd8 20. Qf3 a6 21. b4
Nd7 22. Bd5 Rf8 23. Re2 Qd6 24. Rae1 Rce8 25. Kf1 g6 26. Ba2 Rc8 27. Qe4 Nf6
28. Qh4 Nh5 29. Bh2 Nf4 30. Rxe5 Ne6 31. Qf6 Rce8 32. Rxe6 Qxh2 33. Rxe8 Qh1+
34. Ke2 Qxe1+ 35. Kxe1 Rxe8+ 36. Kd2 Nd8 37. Qxd4 h5 38. Qd7 Rf8 39. Bd5 b5 40.
Qd6 Ne6 41. Qxa6 Kg7 42. Qxb5 Nf4 43. Bc4 Ne6 44. Qe5+ Kh7 45. Qf6 Nd8 46. a4
Kh6 47. b5 Kh7 48. b6 Kh6 49. a5 h4 50. a6 Kh7 51. a7 Ne6 52. Bxe6 Kh6 53. Bxf7
Rxf7 54. Qxf7 g5 55. b7 g4 56. b8=Q Kg5 57. Qbf4# 1-0

[Event "ICS rated standard match"]
[Site "204.178.125.65"]
[Date "2000.03.18"]
[Round "?"]
[White "Hossa"]
[Black "janh"]
[Result "1/2-1/2"]
[WhiteElo "2365"]
[BlackElo "2202"]
[PlyCount "138"]

1. d4 Nf6 2. c4 g6 3. Nc3 d5 4. cxd5 Nxd5 5. e4 Nxc3 6. bxc3 Bg7 7. Bc4 c5 8.
Ne2 cxd4 9. cxd4 Nc6 10. Be3 Qa5+ 11. Bd2 Qa3 12. Rb1 O-O 13. O-O Bg4 14. d5 b5
15. Bxb5 Nd4 16. f3 Nxb5 17. Rxb5 Bd7 18. Rb7 Bc8 19. Rb3 Qxa2 20. Bc3 Ba6 21.
Rb2 Qa3 22. Bxg7 Kxg7 23. Qd4+ Kg8 24. Rd2 Qd6 25. Ra1 Bxe2 26. Rxe2 a5 27.
Rea2 Qc7 28. Ra4 Rfb8 29. Rc4 Qa7 30. Qxa7 Rxa7 31. f4 Rb5 32. Rd4 Rab7 33.
Rda4 Rb2 34. Rxa5 Re2 35. d6 exd6 36. Ra8+ Kg7 37. Kh1 Rbb2 38. Rg1 Rxe4 39.
Rd8 Rd2 40. f5 g5 41. Rf1 Ree2 42. f6+ Kh6 43. Rg1 Rf2 44. Ra8 d5 45. Ra6 Kg6
46. Ra8 d4 47. Rd8 h5 48. Rd5 h4 49. h3 Kxf6 50. Rd8 d3 51. Rd5 Kg6 52. Rd6+
Kf5 53. Kh2 Ke4 54. Rd7 f5 55. Kh1 Rde2 56. Ra7 d2 57. Ra4+ Kd3 58. Ra3+ Kc2
59. Ra2+ Kb3 60. Raa1 f4 61. Rab1+ Kc2 62. Ra1 f3 63. Ra8 fxg2+ 64. Kh2 d1=Q
65. Rc8+ Kb3 66. Rb8+ Ka4 67. Rxd1 Rf1 68. Ra1+ Rxa1 69. Rb4+ Kxb4 1/2-1/2

[Event "ICS rated standard match"]
[Site "204.178.125.65"]
[Date "2000.03.18"]
[Round "?"]
[White "janh"]
[Black "Hossa"]
[Result "1-0"]
[WhiteElo "2209"]
[BlackElo "2358"]
[PlyCount "129"]

1. d4 Nf6 2. c4 e6 3. Nc3 Bb4 4. a3 Bxc3+ 5. bxc3 c5 6. e3 Nc6 7. Bd3 e5 8. Ne2
e4 9. Bb1 b6 10. Ng3 Ba6 11. Qa4 Na5 12. dxc5 Bxc4 13. Nxe4 Nxe4 14. Bxe4 Rc8
15. cxb6 axb6 16. Rb1 O-O 17. Qc2 g6 18. Bd3 Bxd3 19. Qxd3 Nc4 20. O-O Re8 21.
Rb4 Qc7 22. Rd1 d6 23. e4 Qc6 24. f3 Re5 25. Bf4 Re6 26. a4 Qc5+ 27. Qd4 Qc7
28. Bh6 f6 29. Qd5 Kf7 30. h3 g5 31. Qf5 Ne3 32. Qxh7+ Ke8 33. Qxc7 Rxc7 34.
Rd3 Nc4 35. Rd4 Ne5 36. Rxb6 Rxc3 37. Rbxd6 Rxd6 38. Rxd6 Ke7 39. Rd5 Nf7 40.
Bg7 Ne5 41. Rb5 Rc7 42. a5 Kf7 43. Bh6 Nc4 44. a6 Kg6 45. Rb7 Rc6 46. a7 Ra6
47. Bf8 Ra1+ 48. Kh2 Ra2 49. Bc5 Ne5 50. Rb2 Nxf3+ 51. Kg3 Rxa7 52. Bxa7 Ne5
53. Bd4 Nc4 54. Rf2 Kh7 55. Rxf6 Nd2 56. e5 Nc4 57. Kg4 Na5 58. e6 Nc6 59. Kxg5
Kg7 60. h4 Kg8 61. h5 Ne7 62. h6 Nf5 63. Kxf5 Kh7 64. Rf8 Kxh6 65. Rh8# 1-0

[Event "ICS Rated standard match"]
[Site "204.178.125.65"]
[Date "2000.03.18"]
[Round "?"]
[White "manvel"]
[Black "Hossa"]
[Result "0-1"]
[WhiteElo "2015"]
[BlackElo "2336"]
[PlyCount "56"]

1. Nf3 c5 2. g3 d5 3. Bg2 Nc6 4. O-O Nf6 5. c4 d4 6. d3 e5 7. e3 Be7 8. exd4
exd4 9. Re1 O-O 10. a3 Bg4 11. Nbd2 Re8 12. b3 Bd6 13. Bb2 Qd7 14. Qc2 Rxe1+
15. Rxe1 Re8 16. Qc1 Rxe1+ 17. Qxe1 Bc7 18. Ne4 Bd8 19. Nfg5 Nxe4 20. Nxe4 Ba5
21. Nxc5 Bxe1 22. Nxd7 Bxd7 23. Bxc6 Bxc6 24. Bxd4 a6 25. Bc5 Bf3 26. d4 Bd1
27. d5 Bxb3 28. d6 Ba5 0-1

[Event "ICS rated standard match"]
[Site "204.178.125.65"]
[Date "2000.03.18"]
[Round "?"]
[White "Hossa"]
[Black "porta1"]
[Result "1-0"]
[WhiteElo "2336"]
[BlackElo "2237"]
[PlyCount "109"]

1. e4 d6 2. d4 Nf6 3. Nc3 g6 4. f4 Bg7 5. Nf3 O-O 6. Bd3 c6 7. e5 Ne8 8. O-O c5
9. dxc5 dxe5 10. fxe5 Nc6 11. Bb5 Bg4 12. Qxd8 Rxd8 13. Bg5 f6 14. exf6 Nxf6
15. Bxc6 bxc6 16. Ne5 Ne4 17. Nxe4 Bxe5 18. Bxe7 Rxf1+ 19. Rxf1 Bd4+ 20. Kh1
Rd5 21. c3 Bg7 22. Bf6 Bf5 23. c4 Rd3 24. Bxg7 Kxg7 25. Nd6 Be6 26. b3 Rd2 27.
Ra1 a5 28. Ne8+ Kf7 29. Nd6+ Kg7 30. h4 Kh6 31. Re1 Bg4 32. Nf7+ Kh5 33. Ne5
Kxh4 34. Re4 h5 35. Nf3+ Kg3 36. Nxd2 Kf2 37. Re7 g5 38. Ne4+ Ke3 39. Nxg5+ Kd4
40. Ne6+ Ke5 41. Nd8+ Kd4 42. Nxc6+ Kxc5 43. Nxa5 Kb4 44. Nc6+ Ka3 45. Ra7+ Kb2
46. Ne5 Be2 47. c5 Kc3 48. c6 Kd4 49. Ra5 h4 50. c7 h3 51. gxh3 Kc3 52. c8=Q+
Kb2 53. Rd5 Ka3 54. Qc2 Kb4 55. Qc5# 1-0

[Event "ICS rated blitz match"]
[Site "204.178.125.65"]
[Date "2000.03.18"]
[Round "?"]
[White "Hossa"]
[Black "poodledough"]
[Result "0-1"]
[WhiteElo "2433"]
[BlackElo "2887"]
[PlyCount "76"]

1. e4 e5 2. Nf3 Nf6 3. Nxe5 d6 4. Nf3 Nxe4 5. d4 d5 6. Bd3 Be7 7. O-O Nc6 8. c4
Nb4 9. Be2 O-O 10. a3 Nc6 11. cxd5 Qxd5 12. Nc3 Nxc3 13. bxc3 Bf5 14. Re1 Rfe8
15. c4 Qd6 16. Ra2 Bf6 17. Be3 Be4 18. d5 Ne5 19. Ng5 Bxg5 20. Bxg5 Nd3 21. Rf1
Qg6 22. Qd2 h6 23. f3 hxg5 24. Qa5 Qf6 25. Kh1 Bh7 26. Qxc7 Nf4 27. Bd1 Bb1 28.
Raf2 Qd4 29. h3 Bd3 30. Ba4 Bxf1 31. Rxf1 Qd2 32. Qxf4 Qxf4 33. Bxe8 Rxe8 34.
c5 g4 35. hxg4 Re2 36. a4 Qg3 37. Rf2 Rxf2 38. Kg1 Qxg2# 0-1

[Event "ICS rated blitz match"]
[Site "204.178.125.65"]
[Date "2000.03.18"]
[Round "?"]
[White "poodledough"]
[Black "Hossa"]
[Result "1-0"]
[WhiteElo "2889"]
[BlackElo "2431"]
[PlyCount "113"]

1. d4 Nf6 2. c4 e6 3. Nc3 Bb4 4. Qc2 O-O 5. a3 Bxc3+ 6. Qxc3 b6 7. Bg5 Bb7 8.
f3 h6 9. Bh4 d5 10. e3 Nbd7 11. cxd5 Nxd5 12. Bxd8 Nxc3 13. Bh4 Nd5 14. Bf2 c5
15. e4 Ne7 16. Bb5 Nc6 17. Ne2 cxd4 18. Nxd4 Nxd4 19. Bxd4 Rfd8 20. O-O Nb8 21.
Rfd1 a6 22. Be2 Nd7 23. Rac1 e5 24. Be3 Nc5 25. b4 Rxd1+ 26. Bxd1 Nd7 27. Rc7
Bc8 28. Ba4 b5 29. Bb3 Rb8 30. Ba7 Ra8 31. Bd5 Rxa7 32. Rxa7 Kf8 33. Ra8 Nb6
34. Rb8 Nxd5 35. Rxc8+ Ke7 36. exd5 Kd6 37. Rd8+ Ke7 38. Ra8 Kd6 39. Rxa6+ Kxd5
40. Ra7 Kc4 41. Rxf7 Kb3 42. Rxg7 Kxa3 43. h4 Kxb4 44. h5 Kc3 45. Rg6 b4 46.
Rxh6 Kc4 47. Rb6 Kc5 48. Rb8 e4 49. fxe4 Kd4 50. h6 b3 51. h7 Kxe4 52. h8=Q Kd5
53. Rb5+ Kc6 54. Rh5 Kd7 55. Rh6 Ke7 56. Qg7+ Kd8 57. Rh8# 1-0

[Event "ICS rated blitz match"]
[Site "204.178.125.65"]
[Date "2000.03.18"]
[Round "?"]
[White "undertaker1"]
[Black "Hossa"]
[Result "1-0"]
[WhiteElo "2639"]
[BlackElo "2442"]
[PlyCount "133"]

1. e4 c5 2. Nf3 e6 3. d4 cxd4 4. Nxd4 Nf6 5. Nc3 d6 6. Be2 Be7 7. O-O O-O 8. f4
a6 9. Kh1 Qc7 10. a4 Nc6 11. Be3 Rd8 12. Qe1 d5 13. exd5 Nxd5 14. Nxd5 Rxd5 15.
Nxc6 bxc6 16. Bc4 Rd7 17. Qe2 Bf6 18. c3 Qd8 19. Rad1 a5 20. Bc5 Be7 21. Bd4 c5
22. Be5 Raa7 23. Bb5 Rxd1 24. Rxd1 Qb6 25. c4 f6 26. Bc3 Bf8 27. Qg4 Rf7 28.
Qf3 Bb7 29. Qd3 Bc6 30. Qe3 Qb7 31. Rg1 e5 32. Bxa5 Be4 33. Bc3 Bd6 34. Qd2 Bc7
35. fxe5 fxe5 36. a5 Qc8 37. a6 Qf8 38. Qe2 Ba8 39. Qg4 Kh8 40. Qh5 Kg8 41. Ba4
e4 42. Qh3 Qd6 43. Bb5 Bb8 44. Be1 Qf8 45. Qe6 Kh8 46. Qe8 Ba7 47. Qxf8+ Rxf8
48. Bg3 Bb8 49. Bxb8 Rxb8 50. Rd1 Rf8 51. Kg1 Kg8 52. Rd7 Rf7 53. Rd8+ Rf8 54.
Be8 e3 55. Rxa8 Kh8 56. Bc6 Rxa8 57. Bxa8 e2 58. Kf2 g6 59. Kxe2 Kg7 60. a7 g5
61. Bd5 g4 62. a8=Q Kg6 63. Qg8+ Kf6 64. Qe6+ Kg5 65. g3 h5 66. Be4 h4 67. Qg6#
1-0

[Event "ICS rated blitz match"]
[Site "204.178.125.65"]
[Date "2000.03.18"]
[Round "?"]
[White "Hossa"]
[Black "undertaker1"]
[Result "0-1"]
[WhiteElo "2434"]
[BlackElo "2647"]
[PlyCount "118"]

1. d4 Nf6 2. c4 e6 3. Nc3 Bb4 4. Qc2 O-O 5. Nf3 c5 6. dxc5 Na6 7. Bf4 Nxc5 8.
Bd6 Re8 9. O-O-O Qa5 10. Rd4 Bxc3 11. bxc3 b6 12. e4 Bb7 13. e5 Nfe4 14. Bxc5
Nxc5 15. Nd2 Bc6 16. Nb1 Rac8 17. f4 Ba4 18. Qb2 Rc6 19. Nd2 Qa6 20. g4 Rcc8
21. Bg2 b5 22. cxb5 Bxb5 23. c4 Bc6 24. Bxc6 Rxc6 25. Nb3 Rec8 26. Nxc5 Rxc5
27. Kb1 Rxc4 28. Rxd7 Rxf4 29. Rhd1 Rf1 30. R7d4 Rxd1+ 31. Rxd1 Qc4 32. Rg1 a6
33. h4 Qe4+ 34. Ka1 a5 35. a3 h6 36. h5 Rc5 37. g5 hxg5 38. Qb8+ Kh7 39. Rf1
Qd4+ 40. Qb2 Rc3 41. h6 Rxa3+ 42. Kb1 Qd3+ 43. Qc2 Rb3+ 44. Kc1 Rc3 45. Qxc3
Qxc3+ 46. Kd1 Qa1+ 47. Ke2 Qxf1+ 48. Kxf1 a4 49. hxg7 a3 50. g8=Q+ Kxg8 51. Kg2
a2 52. Kf3 a1=Q 53. Ke4 Qa3 54. Kd4 g4 55. Kc4 g3 56. Kb5 g2 57. Kc6 g1=Q 58.
Kd7 Qga7+ 59. Kc6 Q3c5# 0-1

[Event "ICS rated blitz match"]
[Site "204.178.125.65"]
[Date "2000.03.18"]
[Round "?"]
[White "undertaker1"]
[Black "Hossa"]
[Result "1-0"]
[WhiteElo "2654"]
[BlackElo "2427"]
[PlyCount "147"]

1. e4 e5 2. Nf3 Nc6 3. Bb5 a6 4. Ba4 Nf6 5. O-O Be7 6. Re1 b5 7. Bb3 O-O 8. c3
d5 9. exd5 Nxd5 10. Nxe5 Nxe5 11. Rxe5 c6 12. d4 Bd6 13. Re1 Qh4 14. g3 Qh3 15.
Be3 Bg4 16. Qd3 Rae8 17. Nd2 Re6 18. a4 Qh5 19. axb5 axb5 20. Qf1 Rfe8 21. Bxd5
Qxd5 22. Qg2 Qh5 23. f3 Bh3 24. Qf2 Be7 25. Bf4 Qf5 26. Rxe6 Qxe6 27. Ra7 Bf8
28. Ne4 b4 29. Ng5 Qb3 30. Nxh3 Qd1+ 31. Kg2 bxc3 32. bxc3 Re2 33. Ra8 h5 34.
Bd6 Kh7 35. Bxf8 Qe1 36. Bb4 Rxf2+ 37. Nxf2 Kg6 38. Rd8 Kh7 39. d5 cxd5 40.
Rxd5 g6 41. Rd7 Kg7 42. h4 Kg8 43. Bc5 g5 44. Bd4 gxh4 45. gxh4 Qb1 46. Ne4 Qc1
47. Ng5 Qb2+ 48. Kh3 Qb8 49. Ra7 Qc8+ 50. Kg2 Qe8 51. Rxf7 Qe2+ 52. Bf2 Qb2 53.
c4 Qb1 54. Rd7 Qc2 55. Kg3 Kf8 56. Nh7+ Kg8 57. Nf6+ Kh8 58. Rh7+ Qxh7 59. Nxh7
Kg7 60. c5 Kf7 61. c6 Ke7 62. Bc5+ Kd8 63. Bb6+ Ke7 64. c7 Kd7 65. Nf6+ Kc8 66.
Kf4 Kb7 67. Nd5 Kc8 68. Ne7+ Kb7 69. c8=Q+ Kxb6 70. Nd5+ Kb5 71. Qb7+ Kc5 72.
Ke4 Kd6 73. Qc7+ Ke6 74. Qe7# 1-0

[Event "ICS rated blitz match"]
[Site "204.178.125.65"]
[Date "2000.03.18"]
[Round "?"]
[White "Hossa"]
[Black "undertaker1"]
[Result "0-1"]
[WhiteElo "2420"]
[BlackElo "2646"]
[PlyCount "134"]

1. e4 e5 2. Nf3 Nc6 3. Bb5 a6 4. Ba4 Nf6 5. O-O Be7 6. Re1 b5 7. Bb3 d6 8. c3
O-O 9. h3 Na5 10. Bc2 c5 11. d4 Qc7 12. Nbd2 cxd4 13. cxd4 Bb7 14. Nf1 Rac8 15.
Re2 d5 16. dxe5 Nxe4 17. Ng3 f5 18. exf6 Bxf6 19. Bxe4 dxe4 20. Nxe4 Qc6 21.
Rb1 Rfe8 22. Nxf6+ Qxf6 23. Ne1 Be4 24. Ra1 Nc4 25. Qb3 Bg6 26. Be3 Bh5 27. Rc2
Bf7 28. Qc3 Nxe3 29. Qxc8 Nxc2 30. Qxc2 Bxa2 31. Nf3 Bc4 32. Re1 Rxe1+ 33. Nxe1
a5 34. Qd2 h6 35. Nf3 g5 36. Qd4 Qxd4 37. Nxd4 a4 38. Nc6 Kf7 39. Ne5+ Ke6 40.
Nc6 Kd6 41. Nb4 Kc5 42. Na6+ Kd4 43. Nb4 Bg8 44. Nc6+ Kd3 45. h4 Kc2 46. hxg5
hxg5 47. Nd4+ Kxb2 48. Nxb5 Bc4 49. Nd6 Kb3 50. f4 gxf4 51. g3 fxg3 52. Kg2 a3
53. Kxg3 a2 54. Ne4 a1=Q 55. Nd2+ Kc3 56. Ne4+ Kb2 57. Nf6 Kc2 58. Ng4 Qg1+ 59.
Kf4 Be6 60. Ne3+ Kd2 61. Nf5 Qf1+ 62. Ke5 Qxf5+ 63. Kd6 Qd5+ 64. Ke7 Qe5 65.
Kf8 Qc7 66. Ke8 Qf7+ 67. Kd8 Qd7# 0-1

[Event "ICS rated blitz match"]
[Site "204.178.125.65"]
[Date "2000.03.18"]
[Round "?"]
[White "undertaker1"]
[Black "Hossa"]
[Result "1-0"]
[WhiteElo "2653"]
[BlackElo "2413"]
[PlyCount "121"]

1. e4 e5 2. Nf3 Nc6 3. Bb5 a6 4. Ba4 Nf6 5. O-O Be7 6. Re1 b5 7. Bb3 O-O 8. c3
d5 9. exd5 Nxd5 10. Nxe5 Nxe5 11. Rxe5 c6 12. d4 Bd6 13. Re1 Qh4 14. g3 Qh3 15.
Be3 Bg4 16. Qd3 Rae8 17. Nd2 Re6 18. a4 Qh5 19. axb5 axb5 20. Qf1 Rfe8 21. Bxd5
Qxd5 22. Qg2 Qh5 23. f3 Bh3 24. Qf2 Be7 25. Bf4 c5 26. g4 Qd5 27. Rxe6 Qxe6 28.
dxc5 h5 29. gxh5 Qf5 30. Bd6 Qg5+ 31. Kh1 Bxd6 32. cxd6 Qxh5 33. Ne4 Bc8 34.
Rg1 Re6 35. Rg5 Qh3 36. Rxb5 Rh6 37. Qg2 Qd7 38. Rg5 f5 39. Nc5 Qf7 40. Qd2 Bd7
41. b4 Kh8 42. Qf4 Bc8 43. c4 Be6 44. b5 Bc8 45. b6 Rf6 46. Qd4 Rh6 47. d7 Bxd7
48. Nxd7 Re6 49. b7 Re8 50. Qd5 Qxd5 51. cxd5 Kh7 52. b8=Q Rxb8 53. Nxb8 Kg8
54. d6 Kf7 55. d7 Ke7 56. Rxg7+ Kf6 57. Rg8 Ke5 58. d8=Q Kf4 59. Qd4+ Kxf3 60.
Rg2 f4 61. Qd3# 1-0

[Event "ICS rated blitz match"]
[Site "204.178.125.65"]
[Date "2000.03.18"]
[Round "?"]
[White "Hossa"]
[Black "undertaker1"]
[Result "0-1"]
[WhiteElo "2407"]
[BlackElo "2659"]
[PlyCount "72"]

1. d4 Nf6 2. c4 e6 3. Nc3 Bb4 4. Qc2 O-O 5. a3 Bxc3+ 6. Qxc3 b6 7. Bg5 Bb7 8.
f3 h6 9. Bh4 d5 10. e3 Nbd7 11. Bd3 c5 12. cxd5 cxd4 13. exd4 Rc8 14. Qd2 Bxd5
15. Bb5 Bc4 16. Bxd7 Qxd7 17. Bxf6 gxf6 18. Rb1 Rfd8 19. b3 Ba6 20. Rd1 Qb5 21.
Ne2 Qxb3 22. Qxh6 Bxe2 23. Kxe2 Rc2+ 24. Rd2 Qc4+ 25. Ke3 Rxd2 26. Kxd2 Rxd4+
27. Ke3 Qc5 28. Kf2 Rd2+ 29. Kg3 Qf2+ 30. Kg4 Qxg2+ 31. Kh4 Rd4+ 32. f4 Rd3 33.
h3 Qg3+ 34. Kh5 Rd5+ 35. f5 Rxf5+ 36. Qg5+ Qxg5# 0-1

[Event "ICS rated blitz match"]
[Site "204.178.125.65"]
[Date "2000.03.18"]
[Round "?"]
[White "undertaker1"]
[Black "Hossa"]
[Result "1-0"]
[WhiteElo "2665"]
[BlackElo "2401"]
[PlyCount "91"]

1. e4 c5 2. Nf3 d6 3. d4 cxd4 4. Nxd4 Nf6 5. Nc3 g6 6. Be3 Bg7 7. f3 O-O 8. Qd2
Nc6 9. Bc4 Bd7 10. O-O-O Rc8 11. Bb3 Ne5 12. h4 h5 13. Bg5 Rc5 14. g4 hxg4 15.
f4 Nc4 16. Qe2 Qc8 17. Bxf6 Bxf6 18. Nd5 Be6 19. Nxf6+ exf6 20. f5 gxf5 21.
exf5 Bxf5 22. Bxc4 Re8 23. Qf2 Be4 24. Bb5 Ree5 25. Rhg1 Bxc2 26. Nxc2 Rxc2+
27. Qxc2 Rc5 28. Ba4 Rxc2+ 29. Bxc2 Qe6 30. Rde1 Qc8 31. Ref1 Qe6 32. Kb1 Kf8
33. Bf5 Qe2 34. Bxg4 Qe5 35. h5 Qc5 36. h6 Qe3 37. Rh1 Qe4+ 38. Ka1 Qh7 39. Bf5
Qh8 40. Rc1 Qxh6 41. Rxh6 d5 42. Rc7 Kg7 43. Rh7+ Kf8 44. Rh8+ Kg7 45. Rcc8 d4
46. Rh7# 1-0

[Event "ICS rated blitz match"]
[Site "204.178.125.65"]
[Date "2000.03.18"]
[Round "?"]
[White "Hossa"]
[Black "undertaker1"]
[Result "0-1"]
[WhiteElo "2395"]
[BlackElo "2671"]
[PlyCount "110"]

1. e4 e5 2. Nf3 Nc6 3. Bb5 a6 4. Ba4 Nf6 5. O-O Be7 6. Re1 b5 7. Bb3 d6 8. c3
O-O 9. h3 Na5 10. Bc2 c5 11. d4 Qc7 12. Nbd2 cxd4 13. cxd4 Bb7 14. Nf1 Rac8 15.
Re2 d5 16. dxe5 Nxe4 17. Ng3 f5 18. exf6 Bxf6 19. Bxe4 dxe4 20. Nxe4 Qc6 21.
Rb1 Rfe8 22. Nxf6+ Qxf6 23. Ne1 Be4 24. Ra1 Nc4 25. Qb3 Bg6 26. Be3 Bh5 27. Rc2
Bf7 28. Qc3 Nxe3 29. Qxc8 Nxc2 30. Qxc2 Bxa2 31. Nf3 Bc4 32. Re1 Rxe1+ 33. Nxe1
a5 34. Qd2 Kf7 35. Nf3 h6 36. Qd7+ Kg8 37. b3 Bxb3 38. Qxb5 a4 39. Ne5 Qd6 40.
h4 Kh7 41. Kh1 Qd4 42. Kg1 Qxh4 43. Qd3+ Kg8 44. Qd6 Qf6 45. Qc7 Be6 46. g3 a3
47. Qb8+ Kh7 48. Qc7 Qf5 49. Kg2 a2 50. g4 Qe4+ 51. f3 Qe2+ 52. Kh3 a1=Q 53.
Qc2+ Qxc2 54. Ng6 Qh1+ 55. Kg3 Qch2# 0-1